000 00509nam a2200169 4500
003 OSt
005 20240703161728.0
008 240703b |||||||| |||| 00| 0 eng d
040 _aDDC
_cMUST
082 _a338.5 COL 2003
_b20
100 _aDavid C. Colander ... (et al)
_918414
245 _aStudy Guide for use with Microeconomics/
_bDavid C. Colander ... (et al)
260 _aNY:
_bMcGraw-Hill Ryersson ;
_c2003.
300 _aviii,284p.:
_bill,;
_c27.4cm.
650 _aEconomics
_9975
942 _2ddc
_cO_SHELF
999 _c9052
_d9052